| 000 | 00833nam a22002175i 4500 | ||
|---|---|---|---|
| 001 | 155147 | ||
| 003 | ES-MaACL | ||
| 005 | 20251009063057.0 | ||
| 008 | 940301s1891 fr |||| | fre d | ||
| 040 |
_aAS _bspa |
||
| 080 | _a929 La Fayette, Marie-Madeleine Pioche de La Vergne | ||
| 100 | 1 |
_aHaussonville, Gabriel-Paul- Othenin d', _d1843-1924 _962127 |
|
| 245 | 1 | 0 |
_aMme de la Fayette / _cpar Le Comte d'Haussonville. |
| 260 |
_aParis : _bLibrairie Hachette et Cie., _c1891. |
||
| 300 |
_a222 p., [1] h. de lám. ; _c18 cm. |
||
| 490 | 1 | _aLes grands écrivains français | |
| 600 | 0 | 4 |
_aLa Fayette, Marie-Madeleine Pioche de la Vergne _ccomtesse de. _969144 |
| 830 | 0 |
_aLes grands écrivains français _9182230 |
|
| 852 |
_aES-MaACL _jB-3175(1) _z-- Enc. pasta española, con otra obra |
||
| 999 |
_c155147 _d155147 |
||